TAIPEI MUSIC CENTER – Múzeum

Saved in:
Bibliographic Details
Main Author: Ďurianová, Stanislava, 1984- (Author)
Other Authors: Schleicher, Alexander, 1974- (Thesis advisor)
Format: Manuscript Book
Language:Slovak
Published: Bratislava : STU v Bratislave FA, 2010
Subjects:
Online Access:VAIS
Tags: Add Tag
No Tags, Be the first to tag this record!

MARC

LEADER 00000ntm a22000003a 4500
001 stu219041
005 20220224133025.2
008 101208s2010----xo------------------slo-d
040 |a STU  |b slo 
041 0 |a slo 
044 |a xo 
100 1 |a Ďurianová, Stanislava,  |d 1984-  |4 aut  |u A  |T FAD Fakulta architektúry  |X 15503  |U A  |Y 50  |7 A000015503 
242 0 0 |a TAIPEI MUSIC CENTER – Museum  |y eng 
245 1 |a TAIPEI MUSIC CENTER – Múzeum 
260 |a Bratislava :  |b STU v Bratislave FA,  |c 2010 
650 7 |a architektúra  |2 stusub 
650 7 |a architecture  |2 estusub 
650 7 |a múzeum  |2 stusub 
650 7 |a vzdelanie  |2 stusub 
650 7 |a education  |2 estusub 
700 1 |a Schleicher, Alexander,  |d 1974-  |4 ths  |u A8180  |U FAD Fakulta architektúry  |T FA Ústav architektúry občianskych budov  |X 472  |U A8180  |Y 399  |7 A000000472 
856 4 |a info a plný text  |u http://is.stuba.sk/zp/portal_zp.pl?podrobnosti=62686  |u https://opac.crzp.sk/?fn=detailBiblioForm&sid=B3E4DED1CE64EF1DB19432D78C74  |3 VAIS